| 000 | 00443nam a2200193Ia 4500 | ||
|---|---|---|---|
| 008 | 170918s9999 xx 000 0 und d | ||
| 020 | _a9780590481465 | ||
| 050 | _bA763 2004 | ||
| 100 | _aArnosky, Jim | ||
| 245 | _aAll about lizards / | ||
| 245 | _cJim Arnosky. | ||
| 260 | _aNew York : | ||
| 260 | _bScholastic, | ||
| 260 | _c2004 | ||
| 300 | _aunpaged : | ||
| 300 | _bcolored illustration ; | ||
| 300 | _c19cm. | ||
| 500 | _a950 | ||
| 999 |
_c342382 _d342382 |
||